Ligne B3 a/b RTM : bus marseillais - Statistiques

Statistiques générales
  • Ce quiz a été pris 4 fois
  • Le résultat moyen est 7 sur 15
Statistiques - réponses
Indice Arrêt % Correct
©3-32-33 St Jérôme IUT
100%
©M1-1/s-3-5-11-42/t Métro La Rose
67%
©3 St Jérôme Parking Relais
67%
©32 Les Lilas
67%
©27-32 Les Oliviers
67%
©M1-37-38-39 Métro Malpassé
33%
Technopôle de Château Gombert
33%
©27-38 Hôpital Laveran
33%
©1/s Les Vieux Cyprès
33%
©27-38 Lycée Diderot
33%
©37-38-42/t Malpassé
33%
©27-32 Stade de Malpassé
33%
©32 St Jérôme Faculté
33%
Technopôle Polytech Marseille
33%
Technopôle Centrale Marseille
0%
Aucun quiz correspondant
Distribution des résultats
% des personnes avec chaque résultat
Percentile par nombre de réponses
Votre historique - résultats
Vous n’avez pas pris ce quiz